| 000 | 00409cam a2200157 i 4500 | ||
|---|---|---|---|
| 020 | _a0201095076 | ||
| 040 | _cDLC | ||
| 082 | 0 | 0 | _a519 ADD 1982 A058 Or. |
| 100 | 1 | _aWeiss, N. A. | |
| 245 | 1 | 0 | _aIntroductory statistics / |
| 260 |
_aReading, Mass. : _bAddison-Wesley Pub. Co., _cc1982. |
||
| 300 |
_axiii, 651 p. : _bill. ; _c24 cm. |
||
| 650 | 0 | _aStatistics. | |
| 700 | 1 | _aHassett, Matthew J., | |
| 942 | _cEK | ||
| 999 |
_c14015 _d14015 |
||